Ben quiere a Anna / (Registro nro. 8364)
[ vista simple ]
| 000 -LIDER | |
|---|---|
| fixed length control field | 00834nam a22002897a 4500 |
| 001 - NÚMERO DE CONTROL | |
| Identificador de número de control | 0074 |
| 003 - IDENTIFICACDOR DE NÚMERO DE CONTROL | |
| control field | DO-SdBNP |
| 005 - DATE AND TIME OF LATEST TRANSACTION | |
| control field | 20180130094417.0 |
| 007 - CAMPOS FIJOS DE DESCRIPCIÓN FÍSICA | |
| fixed length control field | 0074 |
| 008 - ELEMENTOS DE LONGITUD FIJA | |
| fixed length control field | 151012b mx 2004 xxu||||| |||| 00| 0 spa d |
| 020 ## - ISBN | |
| International Standard Book Number | 9789681910082 |
| 040 ## - FUENTE DE CATALOGACIÓN | |
| Agencia que crea de manera original el registro | BPMSU |
| Idioma de catalogación | spa |
| Agencia que realiza la transcripción | BPMSU |
| 092 ## - LOCALLY ASSIGNED DEWEY DECIMAL CALL NUMBER | |
| Número de clasificación | 833 |
| Número de ítem (Cutter) | H332b |
| 100 ## - ASIENTO PRINCIPAL -- NOMBRE PERSONAL | |
| Nombre personal | Härtling, Peter |
| Fechas asociadas con el nombre | 1933- |
| 245 10 - MENCIÓN DE TITULO | |
| Título | Ben quiere a Anna / |
| Mención de responsabilidad | Peter Härtling ; ilustración Sophie Brandes |
| 260 ## - PUBLICACIÓN, DISTRIBUCIÓN, ETC. (PIE DE IMPRENTA) | |
| Lugar de publicación, distribución, etc | Madrid : |
| Nombre del editor, distribuidor, etc. | Alfaguara, |
| Fecha de publicación, distribución, etc | 1982 |
| 300 ## - DESCRIPCIÓN FÍSICA | |
| Extensión | 91 p. : |
| Dimensiones | 20 cm. |
| 490 ## - MENCIÓN DE SERIES | |
| Mención de serie | Alfaguara juvenil |
| 650 ## - ENCABEZAMIENTO DE MATERIA--TEMÁTICO | |
| Término temático o nombre geográfico como elemento de entrada | NOVELA JUVENIL ALEMANA |
| 650 ## - ENCABEZAMIENTO DE MATERIA--TEMÁTICO | |
| Término temático o nombre geográfico como elemento de entrada | LITERATURA ALEMANA |
| 700 10 - ASIENTO SECUNDARIO -- NOMBRE PERSONAL | |
| Nombre personal | Brandez, Sophie |
| Mención de responsabilidad | il. |
| 830 00 - ASIENTO SECUNDARIO DE SERIE--TÍTULO UNIFORME | |
| Título uniforme | Alfaguara juvenil |
| 910 ## - VALIDACIÓN | |
| Validación | Validado. Control de calidad MFF |
| 942 ## - ADDED ENTRY ELEMENTS (KOHA) | |
| Source of classification or shelving scheme | Dewey Decimal Classification |
| Koha item type | Libros |
| 945 ## - INFORMACIÓN DE PROCESAMIENTO LOCAL | |
| Información de procesamiento local | Inventariado, 2018 / BT |
| 956 ## - LOCAL ELECTRONIC LOCATION AND ACCESS (OCLC) | |
| Nombre de host | BTAVAREZ |
| Número de acceso | 10 |
| Trayectoria | 20180130 |
| Nombre Electrónico | BPMSU |
| Procesador de solicitud | 0038 |
| Withdrawn status | Lost status | Source of classification or shelving scheme | Damaged status | Not for loan | Collection code | Home library | Current library | Date acquired | Source of acquisition | Total Checkouts | Full call number | Barcode | Date last seen | Price effective from | Koha item type |
|---|---|---|---|---|---|---|---|---|---|---|---|---|---|---|---|
| Dewey Decimal Classification | Colección Juvenil General | Biblioteca Pública Metropolitana Salomé Ureña | Biblioteca Pública Metropolitana Salomé Ureña | 10/12/2015 | FUNDI | 833 H332b | BPMSU15100085 | 10/12/2015 | 10/12/2015 | Libros |